00924nam a2200265Ia 450000500170000000800410001702000190005810000420007724500660011925000390018530000270022449000110025150000330026265000430029565000460033865000380038465000430042270000260046526400330049133600270052433700330055133800280058404000350061208400110064720220317001028.0160825s2007 ck g 000 0 spa  a978958300770121 aGoethe, Johann Wolfang vond1749-183210aFaustocGoethe ; versión castellana de J. Roviralta Borrell a1a. edición b5a. reimpresión  a350 páginas c20 cm  aTeatro aIncluye datos biográficos 142LEMBaTeatro alemánySiglo XVIII-XIX142LEMBaLiteratura alemanaySiglo XVIII-XIX142LEMBaBien y mal en la literatura142LEMBaExistencialismo en la literatura1 aBorrell, J. Roviralta aBogotábPanamericanac2007 atextobtxt2rdacontent asin mediaciónbn2rdamedia avolumenbnc2rdacarrier aCO-BoRNBPbspaerdacCO-BoRNBP aT GOE1